=LDR 00000nam 2200000 4500 =001 INLIS000000000044574 =005 20140625120007.0 =006 =007 =008 Ind =035 ##$$0010-101300000002496 =041 ##$$a Ind =082 ##$$a 923.7 =090 ##$$a 923.7 , Pal 5 =100 ##$$a Palmer, Joy A =245 ##$$a 50 Pemikir Paling Berpengaruh terhadap Dunia Pendidikan Modern , Biografi, Dedikasi , Joy A. Palmer =260 ##$$a 2010 $b Jakarta =300 ##$$a 471 hlm. , 24 cm =850 ##$$a NBPNMAT =990 ##$$a 0001/BPAP-NTB/20142014